000 00724nam a2200241Ia 4500
003 OSt
005 20220923220847.0
006 a|||||r|||| 00| 0
007 ta
008 220922b |||||||| |||| 00| 0 hin d
024 _a191,471
037 _cTextual
040 _aARTS
_cARTS
_bhin
041 _2hin
_ahin
082 _aV2y7M89, 152K4
100 _aगोविन्ददास
245 0 _aयुग पुरूष नेहरू
246 _aYug purūṣh neharū
260 _aदिल्ली
_b राजपाल एण्उ सन्ज
_c1964
300 _a119पृ.
_ccm.
942 _hV2y7M89, 152K4
_cTEXL
_2CC
999 _c344178
_d344178